书目信息 |
| 题名: |
共和国音乐记忆
|
|
| 作者: | 李淑琴 主编 | |
| 分册: | ||
| 出版信息: | 长沙 湖南电子音像出版社 2021.7 |
|
| 页数: | 10,300页 | |
| 开本: | 24cm | |
| 丛书名: | ||
| 单 册: | ||
| 中图分类: | J605.2 | |
| 科图分类: | ||
| 主题词: | 音乐作品--介绍--中国--1949-2019 | |
| 电子资源: | ||
| ISBN: | 978-7-83004-378-0 | |
| 000 | 00988nam0 2200253 45 | |
| 001 | 012001001779 | |
| 005 | 20141011140629.0 | |
| 010 | @a978-7-83004-378-0@dCNY59.80 | |
| 100 | @a20191129d2019 em y0chiy50 ea | |
| 101 | 0 | @achi |
| 102 | @aCN@b430000 | |
| 105 | @aa z 000yy | |
| 106 | @ar | |
| 200 | 1 | @a共和国音乐记忆@Agong he guo yin yue ji yi@b专著@e1949-2019@f李淑琴主编 |
| 210 | @a长沙@c湖南电子音像出版社@d2021.7 | |
| 215 | @a10,300页@c彩图@d24cm | |
| 300 | @a共和国记忆系列 | |
| 300 | @a中央宣传部2019年主题出版重点出版物 | |
| 330 | @a本书遴选共和国成立70年来在广大人民群众中有较高认知度、记录共和国70年历程中重大事件的100部音乐作品,讲述这些作品背后的故事。同时每个故事配有手稿、专辑封面或电影海报等图片。该图书为扫码图书,书中植入二维码,扫码可以收听音乐作品的原声和讲故事的音频。 | |
| 606 | 0 | @a音乐作品@x介绍@y中国@z1949-2019 |
| 690 | @aJ605.2@v5 | |
| 701 | 0 | @a李淑琴@Ali shu qin@4主编 |
| 801 | 2 | @aCN@b江苏凤凰@c20211018 |
| 905 | @b1345685-8@dJ605.2@e1376@f4 | |
| 共和国音乐记忆:1949-2019/李淑琴主编.-长沙:湖南电子音像出版社,2021.7 |
| 10,300页:彩图;24cm |
| 共和国记忆系列.-中央宣传部2019年主题出版重点出版物 |
| ISBN 978-7-83004-378-0:CNY59.80 |
| 本书遴选共和国成立70年来在广大人民群众中有较高认知度、记录共和国70年历程中重大事件的100部音乐作品,讲述这些作品背后的故事。同时每个故事配有手稿、专辑封面或电影海报等图片。该图书为扫码图书,书中植入二维码,扫码可以收听音乐作品的原声和讲故事的音频。 |
| ● |
| 相关链接 |
|
|
|
|
正题名:共和国音乐记忆
索取号:J605.2/1376
 
预约/预借
| 序号 | 登录号 | 条形码 | 馆藏地/架位号 | 状态 | 备注 |
| 1 | 1345685 | 213456856 | 第一样本阅览室/ [索取号:J605.2/1376] | 在馆 | |
| 2 | 1345686 | 213456865 | 第一借阅区/ [索取号:J605.2/1376] | 在馆 | |
| 3 | 1345687 | 213456874 | 第一借阅区/ [索取号:J605.2/1376] | 在馆 | |
| 4 | 1345688 | 213456883 | 第一借阅区/ [索取号:J605.2/1376] | 在馆 |